| 000 | 00740nam a2200217 a 4500 | ||
|---|---|---|---|
| 005 | 20210223124338.0 | ||
| 008 | 010911s1994 r 000 0 eng d | ||
| 020 | _a9586014592 | ||
| 035 | _aUPN01000111270 | ||
| 049 | _aCG | ||
| 050 | 4 |
_aHF5549 _bN5.38 |
|
| 100 | 1 | _aNicholson, Trish. | |
| 245 | 1 | 0 |
_aCómo mejorar su equipo de trabajo : _b52 claves para ser un jefe ideal / _cTrish Nicholson ; tr. Anita Pérez de Rubio. |
| 260 |
_aSantafé de Bogotá, Col. : _bTercer Mundo : _c1994. _bMachi, |
||
| 300 |
_a270 p. : _bil. |
||
| 440 | 0 | _aGerencial | |
| 534 |
_pTraducción de: _tDears boss... 52 ways to development your staff |
||
| 650 | 4 |
_aPERSONAL - _xDIRECCION _911025 |
|
| 650 | 4 |
_aSUPERVISION DE EMPLEADOS _917213 |
|
| 905 | _aLibro | ||
| 999 |
_c85179 _d85179 |
||